Ak iba dobrý nápad nestačí

Možnosti získavania financií na podnikanie. Dôležitosť podnikateľskej histórie pri úvere od banky. Mezanínový kapitál. Finančný lízing.

Salvato in:
Dettagli Bibliografici
Autore principale: Škriniar, Pavel, 1979-
Natura: Capitolo di libro
Lingua:slovacco
Soggetti:
Tags: Aggiungi Tag
Nessun Tag, puoi essere il primo ad aggiungerne!!

MARC

LEADER 00000naa a2200000 4500
001 0177237
005 20240502073023.4
041 0 |a slo 
044 |a SK 
245 1 0 |a Ak iba dobrý nápad nestačí  |c Pavel Škriniar 
520 |a Možnosti získavania financií na podnikanie. Dôležitosť podnikateľskej histórie pri úvere od banky. Mezanínový kapitál. Finančný lízing. 
610 2 0 |a podnikanie 
610 2 0 |a financie 
610 2 0 |a zdroje finančné 
610 2 0 |a úver 
610 2 0 |a lízing finančný 
610 2 0 |a kapitál 
100 1 |a Škriniar, Pavel, 1979-